000 01823nam1a22003491i 4500
001 RU\INFOCOMM_322\NLR\5000081830
005 20240726232505.0
035 _a(NLR Aleph) 011015911
090 _a11047742
_c11047742
100 _a20121130d1969 |||y0rusy50 ba
101 0 _aeng
102 _aRU
105 _ay z||||
200 1 _aPress-bulletin
_dPresse-Bulletin
_dBulletin de presse
_dBoletín de prensa
_fScientific symposium "Inventive activity and scientific and patent retrieval"
_zger
_zfre
_zspa
210 _aM.
_d1969
215 _a1 т.
_d21 см
300 _aНа обл. надзаголовок и загл. также на рус. яз.: Научный симпозиум "Изобретательство и патентный поиск". Пресс-бюллетень
510 1 _aPresse-Bulletin
_zger
510 1 _aBulletin de presse
_zfre
510 1 _aBoletín de prensa
_zspa
512 1 _aПресс-бюллетень
_zrus
606 0 _aИзобретательство и рационализация
_xСъезды, совещания и т. д.
_2nlr_sh1
606 0 _aПатентно-информационный поиск
_xСъезды, совещания и т. п.
_2nlr_sh1
620 _aМосква
686 _aТ1-44
_2rubbk
686 _aЖуя5
_2rubbk
710 1 2 _9z01791
_a"Inventive activity and scientific and technical progress. Problems of patent information retrieval", scientific symposium
_eMoscow
_f1969
_4070
791 1 2 _9z01710
_a"Изобретательство и научно-технический прогресс. Проблемы патентно-информационного поиска", научный симпозиум
_eМосква
_f1969
_4070
801 1 _aRU
_bInfoComm
_c20121130
801 0 _aRU
_bNLR
_gPSBO
852 _aNLR
_jИ11 Д-4/36
942 _cBOOK